[Event "Tambov Korensky Memorial 29th"]
[Site "Tambov"]
[Date "2020.09.06"]
[Round "9"]
[White "Gorshechnikov, Andrey V"]
[Black "Popov, Tikhon1111"]
[Result "1-0"]
[WhiteElo "1848"]
[BlackElo "1771"]
[PlyCount "109"]
[EventDate "2020.08.29"]
[EventType "swiss"]
[EventRounds "9"]
[EventCountry "RUS"]
[SourceTitle "EXT 2021"]
[Source "ChessBase"]
[SourceDate "2020.10.23"]
[SourceVersion "1"]
[SourceVersionDate "2020.10.23"]
[SourceQuality "1"]

1. c4 Nf6 2. Nf3 e6 3. d4 a6 4. Nc3 d5 5. cxd5 exd5 6. Bg5 Be7 7. e3 Bf5 8. Bxf6 Bxf6 9. Qb3 b6 10. Qxd5 Qxd5 11. Nxd5 Kd7 12. Rc1 Ra7 13. Nxf6+ gxf6 14. Bc4 Ke7 15. 0-0 Rg8 16. Rfe1 Nc6 17. a3 Na5 18. Ba2 Be6 19. d5 Bh3 20. g3 Kd7 21. b4 Nb7 22. Bb1 Rh8 23. Nd4 Nd6 24. f3 h5 25. Bd3 Rg8 26. e4 a5 27. Nc6 Raa8 28. bxa5 bxa5 29. a4 Rg5 30. Kf2 Kc8 31. Rc5 Bd7 32. h4 Rg7 33. Rb1 Bxc6 34. Rxc6 Ra7 35. Rbc1 Kd8 36. R1c5 Rg8 37. Ra6 Rxa6 38. Bxa6 Kd7 39. Rxa5 Rb8 40. Bb5+ Kd8 41. Ke3 Kc8 42. Kf4 Kd8 43. Bc6 Rb4 44. Ra8+ Ke7 45. a5 f5 46. a6 Kf6 47. Rd8 Nc4 48. a7 Rb3 49. Rh8 Nd2 50. e5+ Kg6 51. d6 Rb4+ 52. Ke3 Nc4+ 53. Ke2 Rb2+ 54. Kd3 Nxe5+ 55. Kc3 1-0

[Event "Tambov Korensky Memorial 29th"]
[Site "Tambov"]
[Date "2020.09.03"]
[Round "6"]
[White "Tikhonov, Viacheslav"]
[Black "Gorshechnikov, Andrey V"]
[Result "1/2-1/2"]
[WhiteElo "2198"]
[BlackElo "1848"]
[PlyCount "164"]
[EventDate "2020.08.29"]
[EventType "swiss"]
[EventRounds "9"]
[EventCountry "RUS"]
[SourceTitle "EXT 2021"]
[Source "ChessBase"]
[SourceDate "2020.10.23"]
[SourceVersion "1"]
[SourceVersionDate "2020.10.23"]
[SourceQuality "1"]

1. d4 e6 2. c4 Nf6 3. Nc3 Bb4 4. Nf3 0-0 5. Bg5 h6 6. Bh4 c5 7. Rc1 d5 8. cxd5 exd5 9. dxc5 Nc6 10. e3 Be6 11. a3 Bxc3+ 12. bxc3 g5 13. Bg3 Ne4 14. Be2 Nxc5 15. 0-0 Ne4 16. Nd4 Nxg3 17. fxg3 Qe7 18. Bd3 Ne5 19. Bb1 Bg4 20. Qc2 Ng6 21. Rce1 Rae8 22. e4 dxe4 23. Rxe4 Qxe4 24. Qxe4 Rxe4 25. Bxe4 Rc8 26. Nb5 Ne5 27. Bxb7 Rc5 28. a4 a5 29. Re1 Be6 30. Nd4 Bd7 31. Nb3 Rxc3 32. Nxa5 Nd3 33. Rf1 Bxa4 34. Bd5 Rc7 35. Nc4 Bb3 36. Ne3 Bxd5 37. Nxd5 Rc1 38. Rxc1 Nxc1 39. Kf2 Kg7 40. Ke3 Nb3 41. Ke4 Nc5+ 42. Kf5 Ne6 43. Ke5 Nc5 44. g4 Nd3+ 45. Kf5 Ne1 46. Ne3 Nd3 47. g3 Nc5 48. Nd5 Nd3 49. Nf6 Ne1 50. Ne4 Nf3 51. h3 Nd4+ 52. Ke5 Nc6+ 53. Kd6 Nd4 54. Kd5 Ne6 55. Ke5 Nf8 56. Nd6 Nd7+ 57. Kf5 Nc5 58. Ne8+ Kf8 59. Nf6 Kg7 60. Nh5+ Kf8 61. h4 Ne6 62. Kf6 Kg8 63. Ke7 Nd4 64. Nf6+ Kg7 65. Ne8+ Kg8 66. Nd6 Nf3 67. Nf5 Kh7 68. Kf6 Nh2 69. Nxh6 Kxh6 70. hxg5+ Kh7 71. Kxf7 Nxg4 72. g6+ Kh6 73. g7 Ne5+ 74. Kf8 Ng6+ 75. Kg8 Ne5 76. g4 Nd7 77. Kf7 Ne5+ 78. Kf8 Nd7+ 79. Kg8 Kg6 80. Kh8 Nf6 81. g8N Nxg4 82. Nh6 Nxh6 1/2-1/2

[Event "Tambov Korensky Memorial 29th"]
[Site "Tambov"]
[Date "2020.09.01"]
[Round "4"]
[White "Maneluk, Daniil"]
[Black "Gorshechnikov, Andrey V"]
[Result "1-0"]
[WhiteElo "2269"]
[BlackElo "1848"]
[PlyCount "63"]
[EventDate "2020.08.29"]
[EventType "swiss"]
[EventRounds "9"]
[EventCountry "RUS"]
[SourceTitle "EXT 2021"]
[Source "ChessBase"]
[SourceDate "2020.10.23"]
[SourceVersion "1"]
[SourceVersionDate "2020.10.23"]
[SourceQuality "1"]

1. e4 e5 2. Nf3 Nf6 3. Nxe5 d6 4. Nf3 Nxe4 5. Nc3 Nxc3 6. dxc3 Be7 7. Be3 0-0 8. Qd2 Nc6 9. 0-0-0 Be6 10. Kb1 Ne5 11. Nd4 Bc4 12. Be2 Bxe2 13. Qxe2 Qd7 14. f4 Nc6 15. Nf3 Bf6 16. h3 Rfe8 17. g4 g6 18. Qd3 b5 19. Rhe1 a6 20. f5 Ne5 21. Nxe5 Bxe5 22. Rf1 c6 23. h4 Qe7 24. Bg5 f6 25. Bc1 gxf5 26. Rxf5 Kh8 27. Rdf1 Rg8 28. Qf3 c5 29. g5 Raf8 30. gxf6 Qf7 31. Bh6 Rg3 32. Qf2 1-0

[Event "Tambov Korensky Memorial 28th"]
[Site "Tambov"]
[Date "2019.08.31"]
[Round "8"]
[White "Geranichev, Mikhail"]
[Black "Gorshechnikov, Andrey V"]
[Result "1-0"]
[WhiteElo "1995"]
[BlackElo "1860"]
[PlyCount "115"]
[EventDate "2019.08.24"]
[EventType "swiss"]
[EventRounds "9"]
[EventCountry "RUS"]
[SourceTitle "EXT 2020"]
[Source "ChessBase"]
[SourceDate "2019.10.17"]
[SourceVersion "1"]
[SourceVersionDate "2019.10.17"]
[SourceQuality "1"]

1. e4 c5 2. Nf3 d6 3. g3 Nc6 4. Bg2 Bg4 5. 0-0 Nd4 6. c3 Nxf3+ 7. Bxf3 Bxf3 8. Qxf3 e6 9. d4 cxd4 10. cxd4 Nf6 11. Nc3 d5 12. Bg5 Be7 13. Bxf6 Bxf6 14. exd5 0-0 15. dxe6 fxe6 16. Qe4 Qxd4 17. Qxe6+ Kh8 18. Rad1 Qb4 19. Qb3 Qa5 20. Rd7 b6 21. Ne4 Qf5 22. Nxf6 Qxf6 23. Qc3 Qg6 24. Qd4 h6 25. Rc1 Rf7 26. Rd6 Qg5 27. f4 Qh5 28. Rcc6 Kg8 29. Qd5 Qe2 30. Qd2 Re8 31. Rd8 Kh7 32. Rc2 Qe1+ 33. Qxe1 Rxe1+ 34. Kf2 Rh1 35. Kg2 Re1 36. Rdd2 Rfe7 37. Kf2 Rh1 38. Kf3 Rf1+ 39. Rf2 Rd1 40. Rcd2 Rc1 41. Rfe2 Rec7 42. f5 Rf7 43. g4 Rf1+ 44. Rf2 Re1 45. Rde2 Rg1 46. Re6 Rd1 47. Kf4 Rd4+ 48. Re4 Rd1 49. h4 Rh1 50. Kg3 Rg1+ 51. Kh2 Rd1 52. g5 Rf8 53. Re7 Rd4 54. Kg3 Rd3+ 55. Kg4 Rfd8 56. f6 R8d7 57. Kh5 Rxe7 58. g6+ 1-0

[Event "Tambov Korensky Memorial 28th"]
[Site "Tambov"]
[Date "2019.08.29"]
[Round "6"]
[White "Gorshechnikov, Andrey V"]
[Black "Shcherbashin, Roman"]
[Result "1/2-1/2"]
[WhiteElo "1860"]
[BlackElo "1944"]
[PlyCount "73"]
[EventDate "2019.08.24"]
[EventType "swiss"]
[EventRounds "9"]
[EventCountry "RUS"]
[SourceTitle "EXT 2020"]
[Source "ChessBase"]
[SourceDate "2019.10.17"]
[SourceVersion "1"]
[SourceVersionDate "2019.10.17"]
[SourceQuality "1"]

1. e4 e5 2. Nf3 Nc6 3. d4 exd4 4. Nxd4 Bb4+ 5. c3 Be7 6. Be3 d6 7. c4 Bf6 8. Nc3 g6 9. Be2 Bg7 10. Qd2 Nge7 11. f3 0-0 12. g4 a6 13. h4 f5 14. gxf5 gxf5 15. Nxc6 Nxc6 16. Bh6 Bxh6 17. Qxh6 Qf6 18. Rg1+ Kh8 19. Qxf6+ Rxf6 20. Nd5 Rf7 21. 0-0-0 Be6 22. Nf4 Re8 23. Nxe6 Rxe6 24. c5 Ref6 25. Bc4 Rg7 26. cxd6 cxd6 27. exf5 Rxf5 28. Rge1 Ne5 29. Bb3 Rc7+ 30. Kb1 Nxf3 31. Re8+ Kg7 32. Rxd6 h5 33. Rg8+ Kh7 34. Rg3 Rg7 35. Rxg7+ Kxg7 36. Rd7+ Kf6 37. Rxb7 1/2-1/2

[Event "Tambov Korensky Memorial 28th"]
[Site "Tambov"]
[Date "2019.08.27"]
[Round "4"]
[White "Shvadchenko, Grigory F"]
[Black "Gorshechnikov, Andrey V"]
[Result "1-0"]
[WhiteElo "1905"]
[BlackElo "1860"]
[PlyCount "107"]
[EventDate "2019.08.24"]
[EventType "swiss"]
[EventRounds "9"]
[EventCountry "RUS"]
[SourceTitle "EXT 2020"]
[Source "ChessBase"]
[SourceDate "2019.10.17"]
[SourceVersion "1"]
[SourceVersionDate "2019.10.17"]
[SourceQuality "1"]

1. Nf3 c5 2. c4 Nf6 3. Nc3 Nc6 4. d4 cxd4 5. Nxd4 g6 6. Nxc6 bxc6 7. e4 d6 8. Bd3 Bg7 9. 0-0 0-0 10. h3 Rb8 11. Qc2 Be6 12. Bg5 Qa5 13. Bd2 Qc7 14. Rab1 Rfc8 15. Ne2 Qb7 16. b3 c5 17. Nf4 Bd7 18. Nd5 Bc6 19. Bc3 Ne8 20. f3 Bxc3 21. Qxc3 e5 22. f4 Bxd5 23. exd5 exf4 24. Rxf4 Ng7 25. Re1 Re8 26. Rfe4 Qd7 27. Qf6 Rxe4 28. Rxe4 Re8 29. g4 Rxe4 30. Bxe4 Ne8 31. Qf4 Qe7 32. Kg2 Kg7 33. g5 f6 34. h4 f5 35. Bf3 Nc7 36. Qd2 Na6 37. Qc3+ Kg8 38. a3 Nb8 39. Qa5 Kf7 40. b4 cxb4 41. axb4 Ke8 42. c5 dxc5 43. bxc5 Nd7 44. c6 Nb6 45. Qc3 Kd8 46. Qa1 Nc4 47. Qd4 Qb4 48. Qh8+ Kc7 49. Qg7+ Kb6 50. Qb7+ Kc5 51. Qxa7+ Kd6 52. Qd7+ Ke5 53. Qg7+ Kf4 54. Qd4# 1-0

[Event "Tambov Korensky Memorial 28th"]
[Site "Tambov"]
[Date "2019.08.25"]
[Round "2"]
[White "Gorshechnikov, Andrey V"]
[Black "Mikhnenko, Alexander"]
[Result "0-1"]
[WhiteElo "1860"]
[BlackElo "2063"]
[PlyCount "118"]
[EventDate "2019.08.24"]
[EventType "swiss"]
[EventRounds "9"]
[EventCountry "RUS"]
[SourceTitle "EXT 2020"]
[Source "ChessBase"]
[SourceDate "2019.10.17"]
[SourceVersion "1"]
[SourceVersionDate "2019.10.17"]
[SourceQuality "1"]

1. e4 d6 2. d4 Nf6 3. Bd3 e5 4. c3 d5 5. dxe5 Nxe4 6. Bxe4 dxe4 7. Qa4+ Nd7 8. Bf4 c6 9. b4 Qe7 10. Ne2 Nxe5 11. 0-0 g6 12. Nd2 Nd3 13. Be3 Bg7 14. b5 f5 15. bxc6 0-0 16. Bd4 bxc6 17. Rab1 Bxd4 18. Nxd4 c5 19. Nb5 a6 20. Na3 Be6 21. Nac4 Ra7 22. Rb6 Kh8 23. Rxa6 Rfa8 24. Rxa7 Rxa7 25. Qb3 Rb7 26. Qa4 Kg7 27. Ra1 Rd7 28. Qc2 Qh4 29. Rf1 Qg5 30. Ne3 f4 31. Nd1 Bh3 32. g3 Bxf1 33. Nxf1 fxg3 34. hxg3 Rf7 35. c4 Qc1 36. Qxc1 Nxc1 37. a4 Ne2+ 38. Kg2 Ra7 39. Nb2 Rb7 40. Nd1 Rb4 41. Nde3 Rxa4 42. Nd2 Nc3 43. Nb3 Ra2 44. Nxc5 Kf6 45. Nd7+ Ke7 46. Ne5 Rd2 47. Nf1 Re2 48. Ne3 Ke6 49. Nc6 Rd2 50. Nf1 Rd6 51. Nb4 Rd4 52. Ne3 Nd1 53. Nbc2 Nxe3+ 54. Nxe3 Rd3 55. Nd5 Ke5 56. Ne3 Kd4 57. Ng4 h5 58. Ne3 Rxe3 59. fxe3+ Kxc4 0-1

[Event "Tambov Region-ch"]
[Site "Tambov"]
[Date "2018.02.22"]
[Round "3"]
[White "Dikov, Alexander I"]
[Black "Gorshechnikov, Andrey V"]
[Result "1-0"]
[WhiteElo "1895"]
[BlackElo "1887"]
[PlyCount "129"]
[EventDate "2018.02.21"]
[EventType "swiss"]
[EventRounds "9"]
[EventCountry "RUS"]
[SourceTitle "CBM 183 Extra"]
[Source "ChessBase"]
[SourceDate "2018.04.19"]
[SourceVersion "1"]
[SourceVersionDate "2018.04.19"]
[SourceQuality "1"]

1. e4 e5 2. Nf3 Nf6 3. Nc3 Nc6 4. Bb5 Bb4 5. Nd5 Bc5 6. 0-0 0-0 7. d3 h6 8. c3 d6 9. b4 Bb6 10. Nxb6 axb6 11. h3 Be6 12. Ba4 Re8 13. c4 Bd7 14. b5 Nb8 15. Be3 Be6 16. Nd2 Nbd7 17. f4 exf4 18. Bxf4 Ne5 19. Bc2 Ra3 20. Nf3 Nfd7 21. Bc1 Ra7 22. Nd4 Ng6 23. Nf5 Nde5 24. a4 Kh7 25. Qh5 Rh8 26. Be3 Ra8 27. Rf2 Nd7 28. Bd4 Nde5 29. Be3 Nd7 30. Raf1 Nc5 31. Bd4 Ne5 32. Nxg7 Qg5 33. Qxg5 hxg5 34. Nxe6 Nxe6 35. Bxe5 dxe5 36. Rxf7+ Kg8 37. Re7 Nf4 38. Rxe5 Rf8 39. Rxg5+ Kh7 40. Rf5 Ne2+ 41. Kh2 Rxf5 42. Rxf5 Kg6 43. Bd1 Nd4 44. Rd5 Ne6 45. Bg4 Nc5 46. a5 Ra8 47. axb6 cxb6 48. e5 Ra1 49. Rd6+ Kf7 50. d4 Ne4 51. Rxb6 Nd2 52. Rxb7+ Kg6 53. Be2 Re1 54. Bd3+ Kg5 55. Rg7+ Kf4 56. b6 Ke3 57. Rg3+ Kxd4 58. b7 Nf1+ 59. Bxf1 Rb1 60. Rg7 Kxe5 61. Be2 Rb2 62. Bf3 Kd4 63. Rg8 Kxc4 64. b8Q Rxb8 65. Rxb8 1-0

[Event "Tambov Region-ch"]
[Site "Tambov"]
[Date "2018.02.21"]
[Round "1"]
[White "Pakhomov, Artyom M"]
[Black "Gorshechnikov, Andrey V"]
[Result "0-1"]
[WhiteElo "1317"]
[BlackElo "1887"]
[PlyCount "104"]
[EventDate "2018.02.21"]
[EventType "swiss"]
[EventRounds "9"]
[EventCountry "RUS"]
[SourceTitle "CBM 183 Extra"]
[Source "ChessBase"]
[SourceDate "2018.04.19"]
[SourceVersion "1"]
[SourceVersionDate "2018.04.19"]
[SourceQuality "1"]

1. e4 e5 2. Nf3 Nf6 3. Nc3 Nc6 4. Bc4 Bb4 5. d3 d5 6. exd5 Nxd5 7. Bd2 Nxc3 8. Bxc3 Bxc3+ 9. bxc3 0-0 10. 0-0 Bg4 11. h3 Bh5 12. Re1 Re8 13. Re3 Qd6 14. Qe1 Re7 15. Rb1 Rb8 16. Rb5 Bxf3 17. Rxf3 a6 18. Rb1 b5 19. Bb3 Na5 20. Re3 Nxb3 21. cxb3 Rbe8 22. Rb2 f6 23. Rbe2 Kf7 24. Qc1 Rd7 25. Qc2 Red8 26. Rd2 c5 27. Kf1 Qc6 28. c4 b4 29. f3 Rd4 30. Re4 Qd6 31. Ke2 f5 32. Re3 Qf6 33. Kf1 g5 34. Rde2 Re8 35. Ke1 h5 36. Kf1 g4 37. Qd2 Qg5 38. fxg4 hxg4 39. Qe1 Rf4+ 40. Rf2 gxh3 41. gxh3 Rxf2+ 42. Qxf2 f4 43. Rg3 Qxg3 44. Qxc5 Qxh3+ 45. Ke2 Qe3+ 46. Qxe3 fxe3 47. Kxe3 Ke6 48. Ke4 Rd8 49. Ke3 Kf5 50. c5 Ke6 51. Ke4 Rd4+ 52. Ke3 Kd5 0-1

[Event "Tambov Pavlyutin Memorial 7th"]
[Site "Tambov"]
[Date "2017.06.28"]
[Round "1"]
[White "Astafurov, Arseniy"]
[Black "Gorshechnikov, Andrey V"]
[Result "1-0"]
[WhiteElo "2204"]
[BlackElo "1919"]
[PlyCount "81"]
[EventDate "2017.06.28"]
[EventType "tourn"]
[EventRounds "9"]
[EventCountry "RUS"]
[SourceTitle "CBM 179 Extra"]
[Source "ChessBase"]
[SourceDate "2017.08.23"]
[SourceVersion "1"]
[SourceVersionDate "2017.08.23"]
[SourceQuality "1"]

1. Nf3 Nf6 2. g3 b6 3. Bg2 Bb7 4. 0-0 e6 5. b3 Be7 6. Bb2 0-0 7. d3 d5 8. Nbd2 c5 9. c4 d4 10. b4 Nbd7 11. bxc5 bxc5 12. e3 dxe3 13. fxe3 Rb8 14. Nb3 Qc7 15. Qe2 Rfd8 16. Rad1 Bc6 17. Bc3 Bd6 18. e4 Ng4 19. Ng5 Nge5 20. Qh5 Nf6 21. Rxf6 gxf6 22. Qxh7+ Kf8 23. Qh6+ Ke7 24. Nh7 Kd7 25. Ba5 Rb6 26. d4 Nxc4 27. dxc5 Nxa5 28. Rxd6+ Kc8 29. Rxd8+ Qxd8 30. cxb6 Qxb6+ 31. Kh1 Nc4 32. Qf8+ Kb7 33. Qxf7+ Ka6 34. Qxe6 Ne3 35. Nxf6 Qb5 36. Qc8+ Kb6 37. Qb8+ Bb7 38. Qd6+ Bc6 39. Nd7+ Kb7 40. Qb8+ Ka6 41. Ndc5+ 1-0

[Event "Tambov Korensky Memorial 25th"]
[Site "Tambov"]
[Date "2016.08.27"]
[Round "8"]
[White "Gorshechnikov, Andrey V"]
[Black "Najdin, Danil"]
[Result "0-1"]
[WhiteElo "1887"]
[BlackElo "2235"]
[PlyCount "56"]
[EventDate "2016.08.20"]
[EventType "swiss"]
[EventRounds "9"]
[EventCountry "RUS"]
[SourceTitle "CBM 174 Extra"]
[Source "ChessBase"]
[SourceDate "2016.10.10"]
[SourceVersion "1"]
[SourceVersionDate "2016.10.10"]
[SourceQuality "1"]

1. d4 Nf6 2. c4 g6 3. Nc3 d5 4. Nf3 Bg7 5. Bf4 0-0 6. e3 c5 7. Be2 cxd4 8. Nxd4 Nc6 9. Nxc6 bxc6 10. 0-0 Bf5 11. Be5 Qa5 12. cxd5 Nxd5 13. Bxg7 Kxg7 14. Nxd5 cxd5 15. Qd4+ f6 16. b4 Qa4 17. Qxd5 Qxb4 18. a3 Qb6 19. Rfd1 Rab8 20. h3 Rfd8 21. Qc4 Rdc8 22. Qd4 Qa5 23. Bg4 Rd8 24. Qc4 Rxd1+ 25. Bxd1 Qe1+ 26. Qf1 Qc3 27. Bf3 Rb2 28. Be2 Rxe2 0-1

[Event "Tambov Korensky Memorial 25th"]
[Site "Tambov"]
[Date "2016.08.23"]
[Round "4"]
[White "Korensky, Sergey"]
[Black "Gorshechnikov, Andrey V"]
[Result "1/2-1/2"]
[WhiteElo "2214"]
[BlackElo "1887"]
[PlyCount "104"]
[EventDate "2016.08.20"]
[EventType "swiss"]
[EventRounds "9"]
[EventCountry "RUS"]
[SourceTitle "CBM 174 Extra"]
[Source "ChessBase"]
[SourceDate "2016.10.10"]
[SourceVersion "1"]
[SourceVersionDate "2016.10.10"]
[SourceQuality "1"]

1. Nf3 Nf6 2. g3 d5 3. Bg2 e6 4. 0-0 Be7 5. d3 0-0 6. Nbd2 Nc6 7. e4 e5 8. Re1 dxe4 9. dxe4 Re8 10. Qe2 Bg4 11. c3 h6 12. h3 Bxf3 13. Nxf3 a6 14. Rd1 Qc8 15. Nh4 Bf8 16. Nf5 Ne7 17. Ne3 Rd8 18. Rxd8 Qxd8 19. Nc4 Nc6 20. Be3 Qe8 21. Qf3 Qe6 22. Bf1 Rd8 23. a4 Ne8 24. Rd1 Rxd1 25. Qxd1 Nd6 26. Qd5 Qg6 27. Nxd6 Qxd6 28. Bc4 Nd8 29. b4 c6 30. Qxd6 Bxd6 31. b5 axb5 32. axb5 cxb5 33. Bxb5 Ne6 34. Bc4 Nc7 35. Kf1 Kf8 36. Ke2 Ke7 37. f4 f6 38. f5 Kd7 39. Kf3 Ba3 40. Kg4 Ke7 41. Kh5 Ne8 42. Kg6 Kf8 43. Bd5 b5 44. c4 bxc4 45. Bxc4 Nd6 46. Bd5 Nb5 47. g4 Nc3 48. h4 Be7 49. Bc6 Ne2 50. g5 hxg5 51. hxg5 Nf4+ 52. Bxf4 exf4 1/2-1/2

[Event "Tambov Korensky Memorial 25th"]
[Site "Tambov"]
[Date "2016.08.20"]
[Round "1"]
[White "Gorshechnikov, Andrey V"]
[Black "Nevzorov, Nikolay G"]
[Result "1-0"]
[WhiteElo "1887"]
[BlackElo "2082"]
[PlyCount "133"]
[EventDate "2016.08.20"]
[EventType "swiss"]
[EventRounds "9"]
[EventCountry "RUS"]
[SourceTitle "CBM 174 Extra"]
[Source "ChessBase"]
[SourceDate "2016.10.10"]
[SourceVersion "1"]
[SourceVersionDate "2016.10.10"]
[SourceQuality "1"]

1. d4 Nf6 2. Nf3 g6 3. g3 Bg7 4. Bg2 d5 5. c4 dxc4 6. Qa4+ Nbd7 7. Nc3 0-0 8. Qxc4 Nb6 9. Qd3 Be6 10. 0-0 c6 11. Rd1 h6 12. Bf4 Nfd5 13. Be5 Nb4 14. Qb1 f6 15. Bf4 g5 16. Bc1 f5 17. a3 N4d5 18. Qc2 Nxc3 19. bxc3 Qd6 20. a4 Nc4 21. Nd2 Rad8 22. Nxc4 Bxc4 23. Ba3 Qe6 24. Rab1 b6 25. e3 Bd5 26. e4 fxe4 27. Re1 Qf6 28. Bxe4 Bxe4 29. Rxe4 c5 30. dxc5 Qxc3 31. Qxc3 Bxc3 32. cxb6 axb6 33. Bxe7 Rfe8 34. Bxd8 Rxe4 35. Rxb6 Rxa4 36. Rxh6 g4 37. Bb6 Kg7 38. Rc6 Bf6 39. Be3 Kg6 40. Kg2 Kf5 41. Rc7 Be5 42. Ra7 Rc4 43. Ra8 Bf6 44. Ra5+ Ke4 45. Rc5 Ra4 46. Rh5 Ra2 47. Rh6 Kf5 48. Rh7 Kg6 49. Ra7 Rc2 50. Ra4 Kh5 51. Rf4 Rc6 52. Rf5+ Kg6 53. Rc5 Ra6 54. Rb5 Ra4 55. Bc5 Rc4 56. Be3 Ra4 57. Rb6 Kf5 58. h3 gxh3+ 59. Kxh3 Be5 60. f3 Bd4 61. Bxd4 Rxd4 62. Rb5+ Kg6 63. f4 Ra4 64. Kg4 Rc4 65. Rb6+ Kf7 66. Kg5 Rc5+ 67. f5 1-0

[Event "Tambov Korensky Memorial 24th"]
[Site "Tambov"]
[Date "2015.08.30"]
[Round "9"]
[White "Shcherbashin, Roman"]
[Black "Gorshechnikov, Andrey V"]
[Result "0-1"]
[WhiteElo "1960"]
[BlackElo "1805"]
[PlyCount "31"]
[EventDate "2015.08.22"]
[EventType "swiss"]
[EventRounds "9"]
[EventCountry "RUS"]
[SourceTitle "EXT 2016"]
[Source "ChessBase"]
[SourceDate "2015.10.08"]
[SourceVersion "1"]
[SourceVersionDate "2015.10.08"]
[SourceQuality "1"]

1. d4 d5 2. c4 e6 3. Nc3 Nf6 4. Bg5 Bb4 5. Qc2 c5 6. a3 Bxc3+ 7. bxc3 cxd4 8. cxd4 Nc6 9. Nf3 dxc4 10. e3 Qa5+ 11. Nd2 Qxg5 12. f4 Qa5 13. Ke2 0-0 14. Nxc4 Qd8 15. h3 Nxd4+ 16. exd4 0-1

[Event "Tambov Korensky Memorial 24th"]
[Site "Tambov"]
[Date "2015.08.27"]
[Round "6"]
[White "Smolyaninov, Sergej"]
[Black "Gorshechnikov, Andrey V"]
[Result "1/2-1/2"]
[WhiteElo "1813"]
[BlackElo "1805"]
[PlyCount "79"]
[EventDate "2015.08.22"]
[EventType "swiss"]
[EventRounds "9"]
[EventCountry "RUS"]
[SourceTitle "EXT 2016"]
[Source "ChessBase"]
[SourceDate "2015.10.08"]
[SourceVersion "1"]
[SourceVersionDate "2015.10.08"]
[SourceQuality "1"]

1. Nf3 d5 2. g3 c5 3. Bg2 Nc6 4. d4 Nf6 5. 0-0 e6 6. c4 Be7 7. cxd5 exd5 8. Nc3 0-0 9. Bf4 a6 10. Rc1 c4 11. b3 cxb3 12. axb3 Ba3 13. Rc2 Bf5 14. Ra2 Bb4 15. Nh4 Be6 16. Qd3 Rc8 17. Bd2 Qd7 18. Na4 Qd8 19. Nc5 Qe7 20. Qe3 Bxd2 21. Qxd2 Nxd4 22. Nxe6 Nxe6 23. Nf5 Qc5 24. Bxd5 Rfd8 25. Ra5 Qc7 26. Qb4 Nxd5 27. Rxd5 Rxd5 28. Ne7+ Kh8 29. Nxd5 Qb8 30. Qe7 Kg8 31. Rd1 h6 32. Rd3 Re8 33. Qb4 Qa7 34. Qg4 Kf8 35. Qf5 Kg8 36. Qg4 Kh8 37. Qf5 Rf8 38. Nf4 Nxf4 39. Qxf4 b5 40. Qf5 1/2-1/2

[Event "Tambov Region-ch"]
[Site "Tambov"]
[Date "2015.02.14"]
[Round "8"]
[White "Gorshechnikov, Andrey V"]
[Black "Lomakina, Galja"]
[Result "0-1"]
[WhiteElo "1773"]
[BlackElo "2114"]
[PlyCount "58"]
[EventDate "2015.02.11"]
[EventType "swiss"]
[EventRounds "9"]
[EventCountry "RUS"]
[SourceTitle "CBM 164 Extra"]
[Source "ChessBase"]
[SourceDate "2015.03.02"]
[SourceVersion "1"]
[SourceVersionDate "2015.03.02"]
[SourceQuality "1"]

1. d4 d6 2. c4 Nf6 3. Nf3 g6 4. Nc3 Bg7 5. Bg5 h6 6. Bh4 0-0 7. e3 Nbd7 8. Be2 c6 9. 0-0 g5 10. Bg3 Nh5 11. Qc2 Nxg3 12. hxg3 e5 13. Rfd1 Qe7 14. b4 f5 15. dxe5 dxe5 16. c5 e4 17. Bc4+ Kh8 18. Nd4 Ne5 19. Be2 Bd7 20. g4 Nxg4 21. Bxg4 fxg4 22. Nxe4 Be5 23. Rac1 h5 24. Nd2 Bxd4 25. exd4 g3 26. fxg3 Qe3+ 27. Kh2 h4 28. Nf1 hxg3+ 29. Nxg3 Rf4 0-1

[Event "Tambov Region-ch"]
[Site "Tambov"]
[Date "2015.02.13"]
[Round "6"]
[White "Ushakov, Aleksander"]
[Black "Gorshechnikov, Andrey V"]
[Result "1/2-1/2"]
[WhiteElo "2054"]
[BlackElo "1773"]
[PlyCount "65"]
[EventDate "2015.02.11"]
[EventType "swiss"]
[EventRounds "9"]
[EventCountry "RUS"]
[SourceTitle "CBM 164 Extra"]
[Source "ChessBase"]
[SourceDate "2015.03.02"]
[SourceVersion "1"]
[SourceVersionDate "2015.03.02"]
[SourceQuality "1"]

1. e4 c6 2. c4 d6 3. d4 g6 4. Nc3 Bg7 5. f4 Qb6 6. Nf3 Bg4 7. d5 Nd7 8. Bd3 Ngf6 9. Qe2 0-0 10. Be3 c5 11. 0-0 a6 12. Rae1 Ne8 13. h3 Bxf3 14. Rxf3 Nc7 15. h4 e6 16. h5 exd5 17. cxd5 Qa5 18. Bd2 Qb6 19. Kh1 Qa7 20. Rh3 b5 21. hxg6 hxg6 22. Qg4 Ne8 23. e5 dxe5 24. fxe5 Nxe5 25. Rxe5 Bxe5 26. d6 Nxd6 27. Nd5 c4 28. Bxg6 fxg6 29. Qxg6+ Bg7 30. Qh7+ Kf7 31. Qh5+ Kg8 32. Qh7+ Kf7 33. Qh5+ 1/2-1/2

[Event "Tambov Region-ch"]
[Site "Tambov"]
[Date "2015.02.12"]
[Round "3"]
[White "Uryupin, Igor Nikolaevich"]
[Black "Gorshechnikov, Andrey V"]
[Result "1-0"]
[WhiteElo "2242"]
[BlackElo "1773"]
[PlyCount "91"]
[EventDate "2015.02.11"]
[EventType "swiss"]
[EventRounds "9"]
[EventCountry "RUS"]
[SourceTitle "CBM 164 Extra"]
[Source "ChessBase"]
[SourceDate "2015.03.02"]
[SourceVersion "1"]
[SourceVersionDate "2015.03.02"]
[SourceQuality "1"]

1. d4 d5 2. c4 e6 3. g3 Nf6 4. Bg2 c6 5. Nf3 Bb4+ 6. Bd2 Bxd2+ 7. Qxd2 Nbd7 8. Qd3 a6 9. 0-0 0-0 10. Nbd2 b5 11. b3 Bb7 12. e4 dxe4 13. Nxe4 Nxe4 14. Qxe4 Nf6 15. Qe2 Qb6 16. c5 Qc7 17. b4 Nd5 18. Qb2 Rfd8 19. a3 Ne7 20. Rfe1 Nf5 21. Bh3 Ne7 22. Bf1 Nf5 23. Bd3 Ne7 24. Qe2 Nd5 25. Qe4 Nf6 26. Qh4 Rd5 27. Re5 Rad8 28. Bc2 Rxd4 29. Bxh7+ Nxh7 30. Nxd4 Qxe5 31. Qxd8+ Nf8 32. Rd1 g6 33. Qe7 Qh5 34. Rd3 e5 35. Nf3 Ne6 36. Re3 e4 37. Ne1 Ng5 38. h4 Nh3+ 39. Kg2 Qf5 40. f3 Bc8 41. Qxe4 Nf4+ 42. Qxf4 Qh3+ 43. Kf2 Qh2+ 44. Ng2 Bh3 45. Re8+ Kh7 46. Qxf7+ 1-0

[Event "Tambov Region-ch FL"]
[Site "Tambov"]
[Date "2014.10.26"]
[Round "8"]
[White "Gorshechnikov, Andrey V"]
[Black "Abashkin, Aleksandr P"]
[Result "0-1"]
[WhiteElo "1727"]
[BlackElo "1874"]
[PlyCount "70"]
[EventDate "2014.10.22"]
[EventType "tourn"]
[EventRounds "9"]
[EventCountry "RUS"]
[SourceTitle "EXT 2023"]
[Source "ChessBase"]
[SourceDate "2022.10.05"]
[SourceVersion "1"]
[SourceVersionDate "2022.10.05"]
[SourceQuality "1"]

1. d4 Nf6 2. c4 e6 3. Nc3 Bb4 4. Bd2 0-0 5. e3 b6 6. Nf3 Bb7 7. Bd3 d5 8. 0-0 Nbd7 9. cxd5 exd5 10. a3 Be7 11. b4 c5 12. bxc5 bxc5 13. dxc5 Nxc5 14. Be2 Nfe4 15. Nb5 Nxd2 16. Nxd2 Bf6 17. Nd4 Ne4 18. N2f3 Nc3 19. Qd2 Nxe2+ 20. Qxe2 a5 21. Rfc1 Re8 22. Qc2 Rc8 23. Qb3 Qd7 24. Rab1 Ba6 25. h3 Bc4 26. Qb6 Bd8 27. Qb2 Bc7 28. Qc2 g6 29. Qd1 Bd6 30. Ra1 Qe7 31. Qa4 Qd8 32. Nd2 Qb6 33. Nxc4 dxc4 34. Rxc4 Qb2 35. Rac1 Qxc1+ 0-1